000 00989nas a2200301 4500
001 BR9001042
003 BR-BrBNA
005 20231205091827.0
007 ta
008 230509b bl.|||p| |||| 00| 00por d
040 _aBR-BrBNA
_bpor
_cBiblioteca Nacional de Agricultura
041 _a(Pt)
072 _aP36; F04
100 1 _aAmado, T.J.C.
100 1 _aCogo, N.P.
100 1 _aLevien, R.
245 1 _aEficacia relativa do manejo do residuo cultural de soja na reducao das perdas do solo por erosao hidrica
246 1 _aSoil losses as affected by rates and methods of management of soybean crop residue
650 _aPODZOLICO VERMELHO AMARELO
650 _aMANEJO DO SOLO
650 _aEROSAO
650 _aSOJA
650 _aRESTEVA
650 _aRIO GRANDE DO SUL
773 0 _tRevista Brasileira de Ciencia do Solo (Brazil)
_xISSN 0100-0683
_g(May-Aug 1989), v. 13(2) p. 251-257
_wBR9001042
909 _a202311
_bLúcia
_c55
_dLúcia Elande
942 _2AGRIS
_n0
_cANA
999 _c127595
_d127595